[Event "Titled Tuesday intern op 12th Mar Late"]
[Site "Chess.com INT"]
[Date "2024.03.12"]
[Round "4"]
[White "Vlassov, Nikolai"]
[Black "Shohat, Yotam"]
[Result "1-0"]
[WhiteElo "2299"]
[BlackElo "2384"]
[PlyCount "61"]
[EventDate "2024.03.12"]
[EventType "swiss (blitz)"]
[EventRounds "11"]
[EventCountry "USA"]
[SourceTitle "CB12_2024"]
[SourceDate "2023.10.01"]
[SourceVersion "1"]
[SourceVersionDate "2023.10.01"]
[SourceQuality "1"]

1. e4 e5 2. Bc4 Nf6 3. d3 d5 4. exd5 Nxd5 5. Nf3 Nc6 6. 0-0 Bg4 7. h3 Bh5 8. Re1 f6 9. g4 Bf7 10. d4 Bd6 11. dxe5 Bxe5 12. Nxe5 fxe5 13. Nc3 Nxc3 14. Bxf7+ Kxf7 15. Qf3+ Qf6 16. Qxc3 Rhf8 17. Qb3+ Ke7 18. Be3 b6 19. Rad1 Rad8 20. Qc4 Qf3 21. Bg5+ Rf6 22. Rxd8 Kxd8 23. Bxf6+ gxf6 24. Qg8+ Kd7 25. Qxh7+ Kd6 26. Qd3+ Nd4 27. Qxf3 Nxf3+ 28. Kf1 Kd5 29. Re3 Nd2+ 30. Kg2 Nc4 31. h4 1-0

[Event "Titled Tuesday intern op 06th Feb Late"]
[Site "Chess.com INT"]
[Date "2024.02.06"]
[Round "3"]
[White "Sari, Yasin"]
[Black "Vlassov, Nikolai"]
[Result "0-1"]
[WhiteElo "2292"]
[BlackElo "2299"]
[PlyCount "122"]
[EventDate "2024.02.06"]
[EventType "swiss (blitz)"]
[EventRounds "11"]
[EventCountry "USA"]
[SourceTitle "CB07_2024"]
[SourceDate "2024.02.14"]
[SourceVersion "1"]
[SourceVersionDate "2024.02.14"]
[SourceQuality "1"]

1. d4 Nf6 2. Nc3 d5 3. Bf4 e6 4. Nb5 Na6 5. e3 Bb4+ 6. c3 Be7 7. a4 0-0 8. Bd3 Bd7 9. g4 c6 10. Na3 Nb8 11. g5 Ne8 12. Nf3 c5 13. h4 Nc6 14. h5 b6 15. g6 h6 16. gxf7+ Rxf7 17. Rg1 Kh8 18. Rg6 Bd6 19. Bxd6 Nxd6 20. Nb5 Nf5 21. Qe2 a6 22. Na3 c4 23. Bc2 Nh4 24. Rg3 Nxf3+ 25. Rxf3 Rxf3 26. Qxf3 Qf6 27. Qg3 Rf8 28. Ke2 Be8 29. Bg6 Bxg6 30. hxg6 Ne7 31. f4 Nxg6 32. Rg1 Ne7 33. Nc2 Rf7 34. Nb4 a5 35. Nc2 Qf5 36. Ne1 Qb1 37. Nf3 Qxb2+ 38. Kf1 Qb1+ 39. Kg2 Qg6 40. Kh2 Qxg3+ 41. Kxg3 Nf5+ 42. Kf2 b5 43. Ne5 Rb7 44. axb5 Rxb5 45. Ra1 Rb2+ 46. Kf3 Rb3 47. Rxa5 Rxc3 48. Ng6+ Kh7 49. Nf8+ Kg8 50. Nxe6 Rxe3+ 51. Kg4 Rxe6 52. Kxf5 Kf7 53. Ra7+ Re7 54. Ra5 g6+ 55. Kg4 Rd7 56. f5 gxf5+ 57. Kxf5 Rc7 58. Rxd5 c3 59. Ra5 c2 60. Ra1 c1Q 61. Rxc1 Rxc1 0-1